MAASAI MARA UNIVERSITY

LIBRARY CATALOGUE

Contact Us: +254 020 2685356/7 or 0774 057787

Box: 861-20500, NAROK, KENYA

Email: info@mmarau.ac.ke

_The Political Economy of Communication(2nd ed. )/ Vincent Mosco (Record no. 8424)

MARC details
000 -LEADER
fixed length control field 00445nam a2200145Ia 4500
008 - FIXED-LENGTH DATA ELEMENTS--GENERAL INFORMATION
fixed length control field 151021s9999 xx 000 0 und d
020 ## - INTERNATIONAL STANDARD BOOK NUMBER
International Standard Book Number 9.781412947e+012
050 ## - LIBRARY OF CONGRESS CALL NUMBER
Classification number P 96 .E25 .M67 2009
245 ## - TITLE STATEMENT
Title _The Political Economy of Communication(2nd ed. )/ Vincent Mosco
260 ## - PUBLICATION, DISTRIBUTION, ETC. (IMPRINT)
Place of publication, distribution, etc. London : Sage, 2009
300 ## - PHYSICAL DESCRIPTION
Extent x,268 p.
500 ## - GENERAL NOTE
General note Includes index
650 ## - SUBJECT ADDED ENTRY--TOPICAL TERM
Topical term or geographic name as entry element _Political Economy-Communication
980 ## - EQUIVALENCE OR CROSS-REFERENCE-SERIES STATEMENT--PERSONAL NAME/TITLE [LOCAL, CANADA]
Personal name ^d20120628 12:35:28^oanne

No items available.

© 2016 Maasai Mara University.